|
|
|
|
| LEADER |
00000nab a2200000 a 4500 |
| 001 |
vtls009006225 |
| 003 |
SK-MaSNL |
| 005 |
20260303065731.0 |
| 008 |
140422c2007 xo |||| | | |00 b|slo |
| 015 |
|
|
|a SNBRB2007/07
|2 snkbucl
|
| 038 |
|
|
|a SNKBUCL
|
| 040 |
|
|
|a SNKBUCL
|b slo
|c SNKBUCL
|e AACR2
|
| 041 |
0 |
|
|a slo
|
| 044 |
|
|
|a xo
|c SK
|
| 080 |
|
|
|a 336.744
|x (4)
|2 1997
|
| 100 |
1 |
|
|a Senček, Richard,
|d 1973-
|4 aut
|9 91252
|
| 245 |
1 |
0 |
|a Mýty a slovenské euromince
|c Richard Senček
|
| 300 |
|
|
|b Fotogr.
|
| 650 |
0 |
7 |
|a euro (mena)
|2 snkbucl
|9 887978
|
| 650 |
0 |
7 |
|a jednotná európska mena
|2 snkbucl
|9 28024
|
| 650 |
0 |
7 |
|a eurové mince
|x výtvarné návrhy
|z Slovensko
|2 snkbucl
|9 81590
|
| 650 |
0 |
7 |
|a slovenské eurové mince
|x výtvarné návrhy
|2 snkbucl
|9 1066191
|
| 650 |
0 |
7 |
|a ikonografická tvorba meny
|2 snkbucl
|9 1066192
|
| 773 |
0 |
|
|t Literárny (dvoj)týždenník
|g Roč. XX, č. 23-24 (2007), s. 15
|x 0862-5999
|
| 852 |
|
|
|a SNK
|b KIS3GCP
|
| 958 |
|
|
|a SK
|
| 999 |
|
|
|c 1752412
|d 1754342
|